Human rights and the dalits (Record no. 377371)

000 -LEADER
fixed length control field 00449cam a22001457a 4500
008 - FIXED-LENGTH DATA ELEMENTS--GENERAL INFORMATION
fixed length control field 180718b1995 xxu||||| |||| 00| 0 eng d
020 ## - INTERNATIONAL STANDARD BOOK NUMBER
International Standard Book Number 8185565554
082 ## - DEWEY DECIMAL CLASSIFICATION NUMBER
Classification number BA27x54 K527h
100 ## - MAIN ENTRY--PERSONAL NAME
Personal name Khan, Mumtaz Ali
245 ## - TITLE STATEMENT
Title Human rights and the dalits
Statement of responsibility, etc. by Mumtaz Ali Khan
260 ## - PUBLICATION, DISTRIBUTION, ETC.
Place of publication, distribution, etc. New Delhi
Name of publisher, distributor, etc. Uppal
Date of publication, distribution, etc. 1995
300 ## - PHYSICAL DESCRIPTION
Extent 152p.
650 ## - SUBJECT ADDED ENTRY--TOPICAL TERM
Topical term or geographic name entry element Karnataka (India) --Politics and government.
650 ## - SUBJECT ADDED ENTRY--TOPICAL TERM
Topical term or geographic name entry element Dalits --India --Karnataka --Political activity
Holdings
Withdrawn status Lost status Damaged status Not for loan Permanent Location Current Location Date acquired Full call number Barcode Date last seen Price effective from Koha item type
        Indian Institute of Public Administration Indian Institute of Public Administration 1995-09-18 BA27x54 K527h 69248 2018-07-21 2018-07-21 Book

Powered by Koha